Letters of the Alphabet - Statistics

General Stats
  • This quiz has been taken 6,398 times
  • The average score is 20 of 26
Answer Stats
Answer % Correct
A
100%
B
94%
C
93%
D
90%
E
89%
F
87%
G
85%
H
84%
I
83%
J
81%
K
80%
L
80%
M
78%
N
76%
O
76%
P
75%
Q
72%
R
70%
S
68%
T
67%
U
65%
V
63%
W
60%
X
57%
Y
55%
Z
54%
No matching quizzes found
Score Distribution
Percent of People with Each Score
Percentile by Number Answered
Your Score History
You have not taken this quiz